|
|
|
|
| LEADER |
01604nam a2200433Ia 4500 |
| 001 |
EBC1606404 |
| 003 |
MiAaPQ |
| 005 |
20200520144314.0 |
| 006 |
m o d | |
| 007 |
cr cn||||||||| |
| 008 |
120119s2012 dcu sb 001 0 eng d |
| 020 |
|
|
|z 1616352027
|
| 020 |
|
|
|z 9781463991524
|
| 020 |
|
|
|z 9781616352028
|
| 035 |
|
|
|a (MiAaPQ)EBC1606404
|
| 035 |
|
|
|a (Au-PeEL)EBL1606404
|
| 035 |
|
|
|a (CaPaEBR)ebr10547375
|
| 035 |
|
|
|a (CaONFJC)MIL384824
|
| 035 |
|
|
|a (OCoLC)870244869
|
| 040 |
|
|
|a MiAaPQ
|c MiAaPQ
|d MiAaPQ
|
| 050 |
|
4 |
|a HC447
|b .I53 2012
|
| 245 |
0 |
0 |
|a Indonesia
|h [electronic resource] :
|b sustaining growth during global volatility /
|c editor, Thomas Rumbaugh.
|
| 260 |
|
|
|a Washington, D.C. :
|b International Monetary Fund,
|c c2012.
|
| 300 |
|
|
|a xv, 125 p.
|
| 504 |
|
|
|a Includes bibliographical references and index.
|
| 533 |
|
|
|a Electronic reproduction. Ann Arbor, MI : ProQuest, 2015. Available via World Wide Web. Access may be limited to ProQuest affiliated libraries.
|
| 650 |
|
0 |
|a Corporate governance
|z Indonesia.
|
| 650 |
|
0 |
|a Corporations
|z Indonesia.
|
| 650 |
|
0 |
|a Debts, Public
|z Indonesia.
|
| 650 |
|
0 |
|a Fiscal policy
|z Indonesia.
|
| 650 |
|
0 |
|a Foreign exchange reserves
|z Indonesia.
|
| 650 |
|
0 |
|a Inflation (Finance)
|z Indonesia.
|
| 650 |
|
0 |
|a Monetary policy
|z Indonesia.
|
| 651 |
|
0 |
|a Indonesia
|x Economic policy.
|
| 655 |
|
4 |
|a Electronic books.
|
| 700 |
1 |
|
|a Rumbaugh, Thomas.
|
| 710 |
2 |
|
|a ProQuest (Firm)
|
| 710 |
2 |
|
|a International Monetary Fund.
|
| 856 |
4 |
0 |
|u https://ebookcentral.proquest.com/lib/matrademy/detail.action?docID=1606404
|z Click to View
|